000 00572nam a2200229Ia 4500
008 160418s9999 xx 000 0 und d
020 _a971-642-154-0
050 _aFIL D 24
050 _b.Z35 2002
100 _aZaide, Gregorio F.
245 _aWorld history /
245 _cGregorio F. Zaide, Sonia M. Zaide.
250 _a5th Edition
260 _aManila :
260 _bAll-Nations Pub. Co. Inc.,
260 _c2002
300 _a461 pages :
300 _billustrations ;
300 _c25 cm.
500 _aIncludes index.
650 _aWorld history.
999 _c293630
_d293630